Govt. of
Madhya Pradesh

Digital Communication (Record no. 58281)

MARC details
000 -LEADER
fixed length control field 00372nam a22001577a 4500
003 - CONTROL NUMBER IDENTIFIER
control field macl
005 - DATE AND TIME OF LATEST TRANSACTION
control field 20180731163944.0
008 - FIXED-LENGTH DATA ELEMENTS--GENERAL INFORMATION
fixed length control field 180731b xxu||||| |||| 00| 0 eng d
040 ## - CATALOGING SOURCE
Transcribing agency macl
082 ## - DEWEY DECIMAL CLASSIFICATION NUMBER
Classification number 621
100 ## - MAIN ENTRY--PERSONAL NAME
Personal name J.S. Katre
9 (RLIN) 72835
245 ## - TITLE STATEMENT
Title Digital Communication
260 ## - PUBLICATION, DISTRIBUTION, ETC. (IMPRINT)
Place of publication, distribution, etc. Pune
Name of publisher, distributor, etc. Tech Max pub.
Date of publication, distribution, etc. 2001
650 ## - SUBJECT ADDED ENTRY--TOPICAL TERM
Topical term or geographic name as entry element Electronics
9 (RLIN) 27404
942 ## - ADDED ENTRY ELEMENTS (KOHA)
Source of classification or shelving scheme
Koha item type Books

No items available.